000 00456nam a22001457a 4500
005 20251108170926.0
008 250721s1984 xx 000 0 ara d
082 1 4 _aم/035/معر
245 1 0 _aالمعرفة :
_bأكمل و أجمل موسوعة عملية بالألوان /
264 1 _aجنيف :
_bشركة ترادكسيم،
_c1984.
300 _a21ج : مصور
650 1 7 _aموسوعات إيطالية
942 _2ddc
_cREF
999 _c52272
_d52272